Los efectos jurídicos de la medida de protección de la ley contra la violencia intrafamiliar y su incumplimiento en los niños y niñas víctimas de violencia, decretadas en el juzgado de familia de Ahuachapán durante el periodo de julio 2004 a enero 2005. (Registro nro. 10681)

Detalles MARC
000 -LEADER
fixed length control field 00779nam a2200181Ia 4500
005 - FECHA Y HORA DE LA ÚLTIMA TRANSACCIÓN
control field 20240403141706.0
008 - FIXED-LENGTH DATA ELEMENTS--GENERAL INFORMATION
fixed length control field 240217s9999 xx 000 0 und d
040 ## - CATALOGING SOURCE
Original cataloging agency UPAN
Transcribing agency Biblioteca San Vicente
Description conventions RCAA2
041 ## - LANGUAGE CODE
Language code of text/sound track or separate title spa
082 ## - DEWEY DECIMAL CLASSIFICATION NUMBER
Classification number 364.155 53
Item number Nic
año de publicación 2005
100 ## - MAIN ENTRY--PERSONAL NAME
Personal name Nicia Díaz ,Ruth Mabel
Relator code aut.
245 #0 - TITLE STATEMENT
Title Los efectos jurídicos de la medida de protección de la ley contra la violencia intrafamiliar y su incumplimiento en los niños y niñas víctimas de violencia, decretadas en el juzgado de familia de Ahuachapán durante el periodo de julio 2004 a enero 2005.
260 ## - PUBLICATION, DISTRIBUTION, ETC. (IMPRINT)
Place of publication, distribution, etc Ahuachapán:
Name of publisher, distributor, etc Universidad Panamericana,
Date of publication, distribution, etc 2005
300 ## - PHYSICAL DESCRIPTION
Extent 210 p.;
Dimensions 28 cm.
650 ## - SUBJECT ADDED ENTRY--TOPICAL TERM
Source of heading or term LEMB
Topical term or geographic name as entry element Mujeres
General subdivision Legislación
700 ## - ADDED ENTRY--PERSONAL NAME
Personal name Salazar Rincan, Elias
Relator code aut.
942 ## - ADDED ENTRY ELEMENTS (KOHA)
Koha item type Libros
Source of classification or shelving scheme Dewey Decimal Classification
Existencias
Withdrawn status Lost status Source of classification or shelving scheme Damaged status Not for loan Collection code Home library Current library Date acquired Total Checkouts Full call number Barcode Date last seen Copy number Price effective from Koha item type
    Dewey Decimal Classification     Tesario Biblioteca UPAN San Vicente Biblioteca UPAN San Vicente 17/02/2024   364.155 53 Nic 12100311 17/02/2024 01 17/02/2024 Trabajos de Grado